Xuân Quỳnh thơ và đời
Thơ chọn lọc của Xuân Quỳnh, đôi nét về cuộc đời Xuân Quỳnh qua nhật ký, ghi chép của các nhà văn, nhà thơ đương thời. Tiểu sử và tác phẩm. Thơ tưởng niệm
Kaydedildi:
| Materyal Türü: | Kitap |
|---|---|
| Dil: | Vietnamese |
| Baskı/Yayın Bilgisi: |
H.
Văn hoá
1998
|
| Konular: | |
| Etiketler: |
Etiketle
Etiket eklenmemiş, İlk siz ekleyin!
|
| Thư viện lưu trữ: | Mạng thư viện Đại học Đà Nẵng |
|---|
| LEADER | 01304nam a22003618a 4500 | ||
|---|---|---|---|
| 001 | 000005532 | ||
| 003 | 1677 | ||
| 005 | 20120409140435.0 | ||
| 008 | 110817s1998 b 000 0 od | ||
| 020 | |c 19000d |d 1000b | ||
| 041 | 0 | |a 9511 | |
| 041 | 0 | |a vie | |
| 080 | |a 8(V)2.2 | ||
| 082 | |a 895.9221 |b XU-Q | ||
| 084 | |a V5(1)7-4 |b X502QU | ||
| 245 | 1 | 0 | |a Xuân Quỳnh thơ và đời |c Vân Long sưu tầm và tuyển chọn |
| 260 | |a H. |b Văn hoá |c 1998 | ||
| 300 | |a 246tr |c 19cm | ||
| 520 | |a Thơ chọn lọc của Xuân Quỳnh, đôi nét về cuộc đời Xuân Quỳnh qua nhật ký, ghi chép của các nhà văn, nhà thơ đương thời. Tiểu sử và tác phẩm. Thơ tưởng niệm | ||
| 653 | |a Nghiên cứu văn học | ||
| 653 | |a Việt Nam | ||
| 653 | |a Văn học hiện đại | ||
| 653 | |a Xuân Quỳnh | ||
| OWN | |a LSP | ||
| AVA | |a UDN50 |b LSP |d 895.9221 XU-Q |e available |t Error 5001 Not defined in file expand_doc_bib_avail. |f 5 |g 0 |h N |i 0 |k 1 | ||
| 999 | |a From the UDN01 | ||
| AVA | |a UDN50 |b LSP |d 895.9221 XU-Q |e available |t Error 5001 Not defined in file expand_doc_bib_avail. |f 5 |g 0 |h N |i 0 |k 1 | ||
| TYP | |a Monograph | ||
| TYP | |a Printed language | ||
| 980 | |a Mạng thư viện Đại học Đà Nẵng | ||